[Event "EU-ch blitz"]
[Site "Tallinn"]
[Date "2019.12.07"]
[Round "1"]
[White "Korchagina, Victoria"]
[Black "Esipenko, Andrey"]
[Result "0-1"]
[WhiteElo "2008"]
[BlackElo "2582"]
[PlyCount "94"]
[EventDate "2019.12.07"]
[EventType "swiss (blitz)"]
[EventRounds "22"]
[EventCountry "EST"]
[SourceTitle "CBM 193 Extra"]
[Source "ChessBase"]
[SourceDate "2020.01.31"]
[SourceVersion "1"]
[SourceVersionDate "2020.01.31"]
[SourceQuality "1"]

1. e4 e5 2. Nf3 Nc6 3. Bb5 a6 4. Ba4 Nf6 5. 0-0 b5 6. Bb3 Bc5 7. d3 0-0 8. Bg5 h6 9. Bh4 g5 10. Bg3 d6 11. c3 Bb6 12. Nbd2 Kg7 13. Re1 Nh5 14. Nxe5 Nxe5 15. Bxe5+ dxe5 16. Qxh5 Qxd3 17. Nf3 Qd6 18. Rad1 Qf6 19. Bd5 c6 20. Bb3 g4 21. Nxe5 Bxf2+ 22. Kh1 Bxe1 23. Rxe1 Qg5 24. Qxg5+ hxg5 25. Nxc6 Bb7 26. Nd4 Bc8 27. Rf1 Ra7 28. Bd5 Re7 29. Nc6 Ree8 30. Kg1 Be6 31. Rd1 Bd7 32. Nb4 Bc8 33. Bc6 Rd8 34. Rf1 Rd2 35. b3 a5 36. Nd5 Rxa2 37. Bxb5 Be6 38. c4 Rb2 39. Ba4 Rc8 40. Rc1 Rc5 41. Rd1 Ra2 42. Nc3 Rc2 43. Nd5 Rb2 44. Rf1 f5 45. exf5 Bxd5 46. f6+ Kf8 47. cxd5 Rcc2 0-1

[Event "St Petersburg-ch (Women)"]
[Site "St Petersburg"]
[Date "2018.03.19"]
[Round "1"]
[White "Titievskaya, Elizaveta"]
[Black "Korchagina, Victoria"]
[Result "1-0"]
[WhiteElo "1809"]
[BlackElo "2084"]
[PlyCount "115"]
[EventDate "2018.03.19"]
[EventType "swiss"]
[EventRounds "9"]
[EventCountry "RUS"]
[SourceTitle "CBM 183 Extra"]
[Source "ChessBase"]
[SourceDate "2018.04.19"]
[SourceVersion "1"]
[SourceVersionDate "2018.04.19"]
[SourceQuality "1"]

1. e4 c5 2. Nf3 d6 3. d4 cxd4 4. Nxd4 Nf6 5. Nc3 Nc6 6. Bg5 Bd7 7. Qd2 e6 8. 0-0-0 a6 9. f4 h6 10. Bh4 Nxe4 11. Nxe4 Qxh4 12. Nf3 Qe7 13. Nxd6+ Qxd6 14. Qxd6 Bxd6 15. Rxd6 Nb4 16. Ne5 Bc8 17. Bc4 b5 18. Bb3 a5 19. a3 Na6 20. Rb6 Nc7 21. c4 bxc4 22. Ba4+ Ke7 23. Rc6 Nd5 24. Rxc4 Ba6 25. Rd4 Rhc8+ 26. Kb1 f6 27. Nc6+ Kd6 28. Nxa5 e5 29. Rd2 e4 30. Bc2 Rxc2 31. Rxc2 Bd3 32. Nc4+ Ke6 33. Re1 Nxf4 34. Kc1 Bxc2 35. Kxc2 f5 36. b4 g5 37. g4 Rc8 38. Kb3 Rd8 39. gxf5+ Kxf5 40. Ne3+ Ke5 41. Ng4+ Kd4 42. Nxh6 Nd3 43. Rg1 Rd5 44. Nf7 e3 45. Rg4+ Nf4 46. Nxg5 Kd3 47. Nf3 Rf5 48. Ne1+ Ke4 49. a4 e2 50. a5 Ke3 51. a6 Rf7 52. b5 Kd2 53. Nc2 Ne6 54. Rc4 Nc7 55. Kb4 Rd7 56. a7 Na8 57. Rd4+ Rxd4+ 58. Nxd4 1-0

[Event "Chigorin Memorial 25th"]
[Site "St Petersburg"]
[Date "2017.10.29"]
[Round "9"]
[White "Nikitenko, Mihail"]
[Black "Korchagina, Victoria"]
[Result "1-0"]
[WhiteElo "2376"]
[BlackElo "2110"]
[PlyCount "109"]
[EventDate "2017.10.21"]
[EventType "swiss"]
[EventRounds "9"]
[EventCountry "RUS"]
[SourceTitle "CBM 181 Extra"]
[Source "ChessBase"]
[SourceDate "2017.12.12"]
[SourceVersion "1"]
[SourceVersionDate "2017.12.12"]
[SourceQuality "1"]

1. e4 c5 2. Nf3 d6 3. d4 cxd4 4. Nxd4 Nf6 5. Nc3 a6 6. Bg5 Nbd7 7. Qe2 h6 8. Bxf6 Nxf6 9. 0-0-0 e5 10. Nf5 g6 11. Ne3 Be6 12. g3 Rc8 13. Ned5 Bxd5 14. Nxd5 Nxd5 15. Rxd5 h5 16. Bh3 Rc6 17. Rhd1 Bh6+ 18. Kb1 0-0 19. f3 Qe7 20. Qd3 Rd8 21. Rf1 Bg5 22. a3 Bf6 23. Rd1 Qc7 24. f4 Qe7 25. f5 g5 26. Bf1 Qc7 27. Be2 h4 28. gxh4 gxh4 29. Qd2 Kf8 30. c4 Ke7 31. b4 Qb6 32. Ka2 Qc7 33. Kb3 b6 34. a4 Qb8 35. b5 axb5 36. cxb5 Rc5 37. Rxc5 dxc5 38. Qxd8+ Qxd8 39. Rxd8 Kxd8 40. Bc4 Ke8 41. a5 bxa5 42. b6 Bd8 43. b7 Bc7 44. f6 Kd7 45. Bxf7 Bd6 46. Bd5 Kc7 47. f7 Bf8 48. Kc4 a4 49. Kb5 c4 50. Ka6 Kb8 51. Bxc4 a3 52. h3 Be7 53. Kb6 Bf8 54. Kc6 Bb4 55. Bd5 1-0

[Event "Chigorin Memorial 25th"]
[Site "St Petersburg"]
[Date "2017.10.28"]
[Round "8"]
[White "Korchagina, Victoria"]
[Black "Alekseev, Mikhail1111"]
[Result "1-0"]
[WhiteElo "2110"]
[BlackElo "1903"]
[PlyCount "47"]
[EventDate "2017.10.21"]
[EventType "swiss"]
[EventRounds "9"]
[EventCountry "RUS"]
[SourceTitle "CBM 181 Extra"]
[Source "ChessBase"]
[SourceDate "2017.12.12"]
[SourceVersion "1"]
[SourceVersionDate "2017.12.12"]
[SourceQuality "1"]

1. e4 c5 2. Nf3 Nc6 3. d4 cxd4 4. Nxd4 e5 5. Nb5 d6 6. c4 Nf6 7. N1c3 a6 8. Na3 Be7 9. Be2 0-0 10. Nc2 Be6 11. 0-0 Rc8 12. b3 Ne8 13. Nd5 f5 14. exf5 Bxf5 15. Nce3 Be6 16. Bb2 Bf6 17. Bg4 Bxg4 18. Qxg4 Bg5 19. Rad1 Kh8 20. c5 Nd4 21. f4 Bxf4 22. Nxf4 exf4 23. Bxd4 fxe3 24. Rxf8# 1-0

[Event "RUS-ch Higher League (Women) 67th"]
[Site "Sochi"]
[Date "2017.07.06"]
[Round "5"]
[White "Belova, Olga"]
[Black "Korchagina, Victoria"]
[Result "1-0"]
[WhiteElo "2064"]
[BlackElo "2154"]
[PlyCount "99"]
[EventDate "2017.07.02"]
[EventType "swiss"]
[EventRounds "9"]
[EventCountry "RUS"]
[SourceTitle "CBM 179 Extra"]
[Source "ChessBase"]
[SourceDate "2017.08.23"]
[SourceVersion "1"]
[SourceVersionDate "2017.08.23"]
[SourceQuality "1"]

1. e4 c5 2. Nf3 d6 3. d4 cxd4 4. Nxd4 Nf6 5. Nc3 Nc6 6. Be2 e5 7. Nb3 Be7 8. 0-0 0-0 9. f4 a5 10. a4 Nb4 11. Be3 Be6 12. Bf3 exf4 13. Bxf4 Nxc2 14. Qxc2 Qb6+ 15. Qf2 Qxb3 16. Rfd1 Rfd8 17. Nb5 d5 18. Nd4 Qb4 19. e5 Nd7 20. Qg3 Nf8 21. Kh1 Ng6 22. Bh5 Qb6 23. Be3 Bh4 24. Qf3 Nxe5 25. Qf4 Bf6 26. Nb5 Qc6 27. Rac1 Qd7 28. Rc7 Qe8 29. Bd4 Ng6 30. Bxg6 hxg6 31. Bxf6 gxf6 32. Qxf6 Rd7 33. Rc3 Rc8 34. Rg3 Rc4 35. Nd4 Qe7 36. Qe5 Qd6 37. Qf6 Qe7 38. Qf4 Rdc7 39. b3 Rc3 40. Rg5 Rc8 41. h4 Kg7 42. h5 Bd7 43. Re5 Qd6 44. h6+ Kh7 45. Qxf7+ Kxh6 46. Re7 Rc1 47. Qh7+ Kg5 48. Nf3+ Kf5 49. Qh3+ Kf6 50. Qh4+ 1-0

[Event "Chigorin Memorial 24th"]
[Site "St Petersburg"]
[Date "2016.10.22"]
[Round "8"]
[White "Korchagina, Victoria"]
[Black "Scheglov, Dmitry"]
[Result "1/2-1/2"]
[WhiteElo "2126"]
[BlackElo "1953"]
[PlyCount "112"]
[EventDate "2016.10.15"]
[EventType "swiss"]
[EventRounds "9"]
[EventCountry "RUS"]
[SourceTitle "CBM 175 Extra"]
[Source "ChessBase"]
[SourceDate "2016.12.12"]
[SourceVersion "1"]
[SourceVersionDate "2016.12.12"]
[SourceQuality "1"]

1. e4 e6 2. d4 d5 3. Nc3 Bb4 4. exd5 exd5 5. Bd3 Nc6 6. a3 Bxc3+ 7. bxc3 Nge7 8. Qf3 Be6 9. Ne2 Qd7 10. Ng3 0-0-0 11. 0-0 f6 12. Re1 Rde8 13. Qe2 Nd8 14. c4 h5 15. cxd5 Nxd5 16. Ne4 Bf5 17. Qd2 g5 18. Bb2 Rhf8 19. Qa5 Nc6 20. Qb5 a6 21. Qb3 Na5 22. Qa2 Nf4 23. Nc5 Qh7 24. Bc3 Bxd3 25. cxd3 Nc6 26. Qb2 b6 27. Rxe8+ Rxe8 28. d5 Nb8 29. Ne4 Qf5 30. f3 Nxd5 31. Rc1 Nd7 32. Bd4 Kb8 33. Qc2 g4 34. fxg4 Qxg4 35. Qc6 Rg8 36. g3 Qf5 37. Rf1 Ne7 38. Qa4 Qd5 39. Bxf6 Nc6 40. Rc1 Kb7 41. Qc4 Qxc4 42. Rxc4 Nxf6 43. Nxf6 Rg5 44. Rh4 Rf5 45. Nxh5 Ne5 46. Kg2 Nxd3 47. Nf4 Nxf4+ 48. Rxf4 Rxf4 49. gxf4 Kc6 50. h4 Kd5 51. h5 Ke6 52. h6 Kf7 53. f5 c5 54. Kf3 c4 55. Ke3 b5 56. Kd4 Kf6 1/2-1/2

[Event "Chigorin Memorial 24th"]
[Site "St Petersburg"]
[Date "2016.10.20"]
[Round "6"]
[White "Korchagina, Victoria"]
[Black "Mukhtarova, Anastasiia"]
[Result "1-0"]
[WhiteElo "2126"]
[BlackElo "1869"]
[PlyCount "79"]
[EventDate "2016.10.15"]
[EventType "swiss"]
[EventRounds "9"]
[EventCountry "RUS"]
[SourceTitle "CBM 175 Extra"]
[Source "ChessBase"]
[SourceDate "2016.12.12"]
[SourceVersion "1"]
[SourceVersionDate "2016.12.12"]
[SourceQuality "1"]

1. e4 c5 2. Nf3 e6 3. d4 cxd4 4. Nxd4 a6 5. Nc3 Qc7 6. Be2 Nf6 7. 0-0 Be7 8. f4 d6 9. Bf3 0-0 10. Be3 Nc6 11. a4 Na5 12. Kh1 Rb8 13. Qe1 Bd7 14. Qg3 Nc4 15. Bc1 Qa5 16. Be2 Rfc8 17. Rf3 b5 18. b3 b4 19. Bxc4 bxc3 20. Bd3 Rb4 21. Be3 e5 22. fxe5 dxe5 23. Nf5 Bxf5 24. Rxf5 Nxe4 25. Qxe5 Qxe5 26. Rxe5 Bf6 27. Ra5 Nd2 28. Rxa6 Re8 29. Bc5 Rb7 30. b4 h5 31. a5 Rd8 32. Rd6 Rxd6 33. Bxd6 Rd7 34. a6 Nb3 35. a7 Nxa1 36. a8Q+ Rd8 37. Qxa1 Rxd6 38. b5 Rxd3 39. cxd3 c2 40. Qc1 1-0

[Event "Chigorin Memorial 24th"]
[Site "St Petersburg"]
[Date "2016.10.18"]
[Round "4"]
[White "Korchagina, Victoria"]
[Black "Sanarov, Leonid"]
[Result "1-0"]
[WhiteElo "2126"]
[BlackElo "1852"]
[PlyCount "149"]
[EventDate "2016.10.15"]
[EventType "swiss"]
[EventRounds "9"]
[EventCountry "RUS"]
[SourceTitle "CBM 175 Extra"]
[Source "ChessBase"]
[SourceDate "2016.12.12"]
[SourceVersion "1"]
[SourceVersionDate "2016.12.12"]
[SourceQuality "1"]

1. e4 c6 2. d4 d5 3. exd5 cxd5 4. Bd3 Nc6 5. c3 Nf6 6. Bf4 Bg4 7. Qd2 e6 8. Ne2 Bh5 9. 0-0 Bg6 10. Re1 Be7 11. Ng3 Rc8 12. Qe2 0-0 13. Nd2 Bd6 14. Bxd6 Qxd6 15. Bxg6 hxg6 16. h4 Qf4 17. Nf3 a6 18. a4 Na5 19. Rad1 Nc4 20. b3 Na5 21. Qb2 Qc7 22. Rd3 Qb6 23. Rb1 Rc7 24. Ng5 Rfc8 25. Ne2 Qd6 26. Rh3 Nh5 27. Qd2 Rc6 28. c4 b6 29. c5 Qc7 30. b4 Nc4 31. Qd3 bxc5 32. dxc5 Nf4 33. Nxf4 Qxf4 34. Nf3 a5 35. h5 axb4 36. hxg6 Rxc5 37. gxf7+ Kxf7 38. Rxb4 Qf5 39. Qd4 R8c7 40. Rg3 e5 41. Qh4 Qf6 42. Ng5+ Ke7 43. Rf3 Qh6 44. Rf7+ Kd6 45. Qg4 Qg6 46. Rf8 Ke7 47. Rf5 R5c6 48. Rb5 Rf6 49. Rxf6 Kxf6 50. f4 Qf5 51. fxe5+ Nxe5 52. Rb6+ Rc6 53. Rxc6+ Nxc6 54. Qg3 Ne5 55. Nh3 Ng4 56. Qh4+ g5 57. Qe1 d4 58. a5 Qb5 59. Qf1+ Qxf1+ 60. Kxf1 Ne5 61. a6 Nc4 62. Ke2 Nb6 63. Kd3 Kf5 64. Kxd4 Kg4 65. Kc5 Nc8 66. Kc6 Na7+ 67. Kb7 Nb5 68. Kb6 Nd6 69. Kc6 Nc8 70. Nf2+ Kf4 71. Nd3+ Ke3 72. Ne5 Kf4 73. Nf7 Na7+ 74. Kb6 g4 75. Kxa7 1-0

[Event "St Petersburg-ch (Women)"]
[Site "St Petersburg"]
[Date "2016.03.28"]
[Round "9"]
[White "Korchagina, Victoria"]
[Black "Belenkaya, Dina"]
[Result "1-0"]
[WhiteElo "2136"]
[BlackElo "2287"]
[PlyCount "101"]
[EventDate "2016.03.20"]
[EventType "swiss"]
[EventRounds "9"]
[EventCountry "RUS"]
[SourceTitle "CBM 171 Extra"]
[Source "ChessBase"]
[SourceDate "2016.04.26"]
[SourceVersion "1"]
[SourceVersionDate "2016.04.26"]
[SourceQuality "1"]

1. e4 c6 2. d4 d5 3. Nc3 dxe4 4. Nxe4 Bf5 5. Ng3 Bg6 6. h4 h6 7. Nf3 Nd7 8. Bd3 Bxd3 9. Qxd3 e6 10. Bd2 Ngf6 11. 0-0-0 Be7 12. Kb1 Rc8 13. Ne4 Nxe4 14. Qxe4 Nf6 15. Qe2 Qd5 16. g4 Qe4 17. Qxe4 Nxe4 18. Be3 h5 19. Rhg1 Nd6 20. d5 cxd5 21. Bxa7 hxg4 22. Rxg4 Nf5 23. Rh1 Rc4 24. Rxc4 dxc4 25. c3 Rh5 26. a4 Nxh4 27. Bd4 g6 28. Ne5 Nf5 29. Rc1 Nd6 30. Re1 Bf6 31. Nxc4 Nxc4 32. Bxf6 Rf5 33. Bd4 e5 34. b3 Nd2+ 35. Kc2 Nf3 36. Re2 Kd7 37. Bb6 Rf6 38. a5 Rf4 39. b4 Kc6 40. Kb3 Kb5 41. Be3 Rc4 42. a6 bxa6 43. Ra2 Rc7 44. c4+ Kc6 45. Rxa6+ Kb7 46. b5 f5 47. c5 f4 48. c6+ Kb8 49. Bb6 Re7 50. Bc5 Re6 51. c7+ 1-0

[Event "St Petersburg-ch (Women)"]
[Site "St Petersburg"]
[Date "2016.03.24"]
[Round "5"]
[White "Chernyak, Viktoria"]
[Black "Korchagina, Victoria"]
[Result "1-0"]
[WhiteElo "2138"]
[BlackElo "2136"]
[PlyCount "101"]
[EventDate "2016.03.20"]
[EventType "swiss"]
[EventRounds "9"]
[EventCountry "RUS"]
[SourceTitle "CBM 171 Extra"]
[Source "ChessBase"]
[SourceDate "2016.04.26"]
[SourceVersion "1"]
[SourceVersionDate "2016.04.26"]
[SourceQuality "1"]

1. Nf3 g6 2. c4 Bg7 3. Nc3 e5 4. d4 exd4 5. Nxd4 d6 6. e4 Ne7 7. Be2 Nbc6 8. Be3 0-0 9. 0-0 f5 10. exf5 Nxf5 11. Nxf5 Bxf5 12. Rc1 Kh8 13. Qd2 Ne5 14. b4 Qf6 15. Nd5 Qf7 16. b5 c6 17. Nb4 Rfd8 18. f4 a5 19. bxa6 Ng4 20. Bxg4 Bxg4 21. Bd4 Bxd4+ 22. Qxd4+ Kg8 23. Qb6 bxa6 24. Nxc6 Rd7 25. Nd4 Bf5 26. Rc3 Be4 27. f5 gxf5 28. Rg3+ Kf8 29. Nxf5 Bxf5 30. Rgf3 Kg8 31. Rxf5 Qg7 32. Qe3 Re7 33. Qf4 Re6 34. Rg5 Rg6 35. Qe4 Rb8 36. Qd5+ Kh8 37. Rxg6 Qxg6 38. c5 Rd8 39. cxd6 Qxd6 40. Qf3 Qd4+ 41. Kh1 a5 42. h3 Qb2 43. Re1 Qg7 44. a4 Qd4 45. Qh5 Qd2 46. Qe5+ Kg8 47. Qe6+ Kh8 48. Qf6+ Kg8 49. Re5 Qc1+ 50. Kh2 Qc7 51. Qf4 1-0

[Event "Chigorin Memorial 22nd"]
[Site "St Petersburg"]
[Date "2014.10.26"]
[Round "9"]
[White "Fokin, Anatoly"]
[Black "Korchagina, Victoria"]
[Result "0-1"]
[WhiteElo "1765"]
[BlackElo "2124"]
[PlyCount "62"]
[EventDate "2014.10.18"]
[EventType "swiss"]
[EventRounds "9"]
[EventCountry "RUS"]
[SourceTitle "EXT 2015"]
[Source "ChessBase"]
[SourceDate "2014.11.20"]
[SourceVersion "1"]
[SourceVersionDate "2014.11.20"]
[SourceQuality "1"]

1. d4 Nf6 2. c4 g6 3. Nc3 d5 4. e3 Bg7 5. Bd3 0-0 6. Nf3 c5 7. h3 Nc6 8. 0-0 b6 9. cxd5 Nxd5 10. Nxd5 Qxd5 11. e4 Qd7 12. d5 Nd4 13. Nxd4 Bxd4 14. Qb3 e6 15. Bb5 Qe7 16. Bf4 e5 17. Bh6 Rd8 18. Qg3 Bxb2 19. Rab1 Bd4 20. a4 Bd7 21. Rb3 Bxb5 22. axb5 a6 23. bxa6 Rxa6 24. Rfb1 c4 25. Rf3 f6 26. h4 c3 27. Bc1 c2 28. Rb2 Bxb2 29. Bxb2 Ra1+ 30. Kh2 c1Q 31. Bxc1 Rxc1 0-1

[Event "Chigorin Memorial 22nd"]
[Site "St Petersburg"]
[Date "2014.10.25"]
[Round "8"]
[White "Korchagina, Victoria"]
[Black "Bajaramov, Elvin"]
[Result "0-1"]
[WhiteElo "2124"]
[BlackElo "1950"]
[PlyCount "84"]
[EventDate "2014.10.18"]
[EventType "swiss"]
[EventRounds "9"]
[EventCountry "RUS"]
[SourceTitle "EXT 2015"]
[Source "ChessBase"]
[SourceDate "2014.11.20"]
[SourceVersion "1"]
[SourceVersionDate "2014.11.20"]
[SourceQuality "1"]

1. e4 c5 2. Nf3 Nc6 3. d4 cxd4 4. Nxd4 Nf6 5. Nc3 e6 6. Ndb5 a6 7. Nd6+ Bxd6 8. Qxd6 Qe7 9. Qg3 d5 10. Bd3 dxe4 11. Bxe4 Nxe4 12. Nxe4 0-0 13. 0-0 f5 14. Bg5 Qb4 15. Nd6 f4 16. Qd3 h6 17. c3 Qc5 18. Bxh6 Qh5 19. Bxg7 Kxg7 20. f3 Rh8 21. h3 Qg6 22. Qe4 e5 23. Nxc8 Raxc8 24. Rad1 Rcd8 25. b4 Rxh3 26. Rxd8 Nxd8 27. Qd5 Nf7 28. c4 Rg3 29. Qd2 Kh7 30. Rf2 Ng5 31. Kf1 Qb1+ 32. Ke2 Qf5 33. Qc1 Ne6 34. Kd2 e4 35. Kc3 Qe5+ 36. Kb3 e3 37. Rf1 Nd4+ 38. Ka3 e2 39. Rh1+ Kg7 40. Qb1 e1Q 41. Qh7+ Kf8 42. Qh6+ Rg7 0-1

[Event "Chigorin Memorial 22nd"]
[Site "St Petersburg"]
[Date "2014.10.21"]
[Round "4"]
[White "Korchagina, Victoria"]
[Black "Shuvalov, Arvind"]
[Result "1-0"]
[WhiteElo "2124"]
[BlackElo "1900"]
[PlyCount "47"]
[EventDate "2014.10.18"]
[EventType "swiss"]
[EventRounds "9"]
[EventCountry "RUS"]
[SourceTitle "EXT 2015"]
[Source "ChessBase"]
[SourceDate "2014.11.20"]
[SourceVersion "1"]
[SourceVersionDate "2014.11.20"]
[SourceQuality "1"]

1. e4 c5 2. Nf3 d6 3. d4 cxd4 4. Nxd4 Nf6 5. Nc3 a6 6. Be3 e5 7. Nb3 Be6 8. f3 h5 9. Qd2 Be7 10. 0-0-0 Nbd7 11. Kb1 Qc7 12. Nd5 Bxd5 13. exd5 b5 14. Na5 Rc8 15. c4 bxc4 16. Bxc4 Nc5 17. Nc6 Qb7 18. Bxc5 dxc5 19. Qe2 Rxc6 20. dxc6 Qxc6 21. Qxe5 Nd7 22. Qe2 Qg6+ 23. Ka1 Qf6 24. Rhe1 1-0

[Event "Pardubice Czech op-B 25th"]
[Site "Pardubice"]
[Date "2014.07.24"]
[Round "7"]
[White "Lornye, Pylyp"]
[Black "Korchagina, Victoria"]
[Result "1-0"]
[WhiteElo "2205"]
[BlackElo "2092"]
[PlyCount "154"]
[EventDate "2014.07.18"]
[EventType "swiss"]
[EventRounds "9"]
[EventCountry "CZE"]
[SourceTitle "EXT 2015"]
[Source "ChessBase"]
[SourceDate "2014.11.20"]
[SourceVersion "1"]
[SourceVersionDate "2014.11.20"]
[SourceQuality "1"]

1. Nf3 d5 2. g3 c5 3. Bg2 Nc6 4. 0-0 e5 5. d3 Nf6 6. Nbd2 Be7 7. e4 0-0 8. c3 d4 9. Nc4 Qc7 10. cxd4 cxd4 11. Qb3 Nd7 12. Bd2 Nc5 13. Qc2 b5 14. Na3 Qb7 15. Ne1 a5 16. f4 Nb4 17. Qb1 Bg4 18. Rf2 f6 19. Bf1 Kh8 20. f5 Rfc8 21. h3 Bh5 22. g4 Bf7 23. h4 Na4 24. Nac2 Nxc2 25. Nxc2 b4 26. Ne1 Qa7 27. Qd1 Nxb2 28. Qf3 Na4 29. g5 b3 30. axb3 Bxb3 31. Qg4 Bb4 32. h5 Bxd2 33. Rxd2 fxg5 34. Qxg5 Qf7 35. Nf3 Qf6 36. Qg3 Re8 37. Nh2 Nc3 38. Rg2 Bd1 39. Qh3 Qh6 40. Rxd1 Nxd1 41. Ng4 Qf4 42. h6 g6 43. Qh4 Ra6 44. Be2 Nc3 45. f6 Rb6 46. Bf1 Nd1 47. f7 Qxf7 48. Nxe5 Qf6 49. Rg5 Rf8 50. Be2 Nc3 51. Bf3 Rb1+ 52. Kg2 Rb2+ 53. Kh3 Qf4 54. Qxf4 Rxf4 55. Kg3 Rf8 56. Nc4 Rb1 57. Rxa5 Rg1+ 58. Kh2 Rf1 59. Bg4 R1f4 60. Kg3 Rf1 61. e5 Nd1 62. e6 Rg1+ 63. Kh2 Rxg4 64. e7 Rgf4 65. exf8Q+ Rxf8 66. Ra7 Nf2 67. Ne5 Nd1 68. Nf7+ Kg8 69. Ng5 Ne3 70. Rg7+ Kh8 71. Rxh7+ Kg8 72. Rg7+ Kh8 73. Nf7+ Rxf7 74. Rxf7 Ng4+ 75. Kg3 Nxh6 76. Rd7 Kg8 77. Kf4 Nf5 1-0

[Event "St Petersburg-ch (Women) 82nd"]
[Site "St Petersburg"]
[Date "2014.03.30"]
[Round "10"]
[White "Azimova, Karina"]
[Black "Korchagina, Victoria"]
[Result "0-1"]
[WhiteElo "2048"]
[BlackElo "2056"]
[PlyCount "68"]
[EventDate "2014.03.21"]
[EventType "tourn"]
[EventRounds "11"]
[EventCountry "RUS"]
[SourceTitle "CBM 159 Extra"]
[Source "ChessBase"]
[SourceDate "2014.04.24"]
[SourceVersion "1"]
[SourceVersionDate "2014.04.24"]
[SourceQuality "1"]

1. e4 c5 2. c3 Nf6 3. e5 Nd5 4. Nf3 Nc6 5. Na3 d6 6. Bb5 Bd7 7. d4 cxd4 8. exd6 e6 9. c4 Ndb4 10. Bf4 Qf6 11. Bxc6 Bxc6 12. Bg3 Bxf3 13. gxf3 e5 14. c5 0-0-0 15. Qb3 Nc6 16. 0-0-0 g6 17. Kb1 Bg7 18. Nb5 Qe6 19. Qa4 a6 20. Nc7 Qf5+ 21. Ka1 Qxf3 22. Rhe1 h5 23. h4 Rd7 24. Na8 Rdd8 25. Nb6+ Kb8 26. Nc4 Qd5 27. f4 e4 28. f5 Qxf5 29. d7+ Ka7 30. Qb3 Rxd7 31. Nd6 Qf3 32. Qb6+ Ka8 33. Nxe4 f5 34. Nd6 Qxg3 0-1

[Event "St Petersburg-ch (Women) 82nd"]
[Site "St Petersburg"]
[Date "2014.03.29"]
[Round "9"]
[White "Korchagina, Victoria"]
[Black "Toporkova, Sofia"]
[Result "1-0"]
[WhiteElo "2056"]
[BlackElo "1852"]
[PlyCount "113"]
[EventDate "2014.03.21"]
[EventType "tourn"]
[EventRounds "11"]
[EventCountry "RUS"]
[SourceTitle "CBM 159 Extra"]
[Source "ChessBase"]
[SourceDate "2014.04.24"]
[SourceVersion "1"]
[SourceVersionDate "2014.04.24"]
[SourceQuality "1"]

1. e4 e6 2. d4 d5 3. Nc3 Bb4 4. exd5 exd5 5. Bd3 Nf6 6. a3 Bxc3+ 7. bxc3 Bg4 8. f3 Bh5 9. Ne2 Bg6 10. 0-0 0-0 11. Bg5 Nbd7 12. Bxg6 hxg6 13. Ng3 c6 14. f4 Qa5 15. Qf3 Ne4 16. Nxe4 dxe4 17. Qxe4 Qxc3 18. Rae1 c5 19. Qxb7 Qxd4+ 20. Kh1 Nb6 21. f5 gxf5 22. Rxf5 f6 23. Bc1 Qd7 24. Qf3 Rae8 25. Rf1 c4 26. Be3 Qe6 27. Bd4 Qe4 28. Qc3 Qe6 29. Qg3 Rd8 30. c3 Rf7 31. Qg6 Rd5 32. R5f3 Rg5 33. Qb1 Qe2 34. R3f2 Qe6 35. Re1 Qc6 36. Qb2 Rf8 37. Qe2 Ra5 38. Rf3 Nd5 39. Qe4 f5 40. Qe5 Qf6 41. Rxf5 Qxe5 42. Rxf8+ Kxf8 43. Rxe5 Rb5 44. h3 a6 45. a4 Rb1+ 46. Kh2 Nb6 47. Rf5+ Kg8 48. a5 Na4 49. Rg5 Rb3 50. Rxg7+ Kf8 51. Rc7 Nxc3 52. Rxc4 Nb5 53. Bb6 Kf7 54. Rc6 Ra3 55. Rc8 Ke6 56. Ra8 Kd7 57. Rxa6 1-0

[Event "St Petersburg-ch (Women) 82nd"]
[Site "St Petersburg"]
[Date "2014.03.28"]
[Round "8"]
[White "Chernyak, Viktoria"]
[Black "Korchagina, Victoria"]
[Result "0-1"]
[WhiteElo "2040"]
[BlackElo "2056"]
[PlyCount "76"]
[EventDate "2014.03.21"]
[EventType "tourn"]
[EventRounds "11"]
[EventCountry "RUS"]
[SourceTitle "CBM 159 Extra"]
[Source "ChessBase"]
[SourceDate "2014.04.24"]
[SourceVersion "1"]
[SourceVersionDate "2014.04.24"]
[SourceQuality "1"]

1. c4 Nf6 2. g3 g6 3. Bg2 Bg7 4. Nf3 0-0 5. 0-0 d6 6. Nc3 e5 7. d4 Nbd7 8. Qc2 a6 9. Rd1 exd4 10. Nxd4 Re8 11. h3 Rb8 12. b3 Qe7 13. Bb2 c5 14. Nf3 b5 15. e3 bxc4 16. bxc4 Nb6 17. Nd2 Be6 18. Ne2 d5 19. cxd5 Nbxd5 20. Nf4 Nxf4 21. gxf4 Bf5 22. Qc1 Rxb2 23. Qxb2 Ne4 24. Qc1 Nxf2 25. Qa3 Bxa1 26. Kxf2 Qh4+ 27. Kg1 Rxe3 28. Qxc5 Re1+ 29. Rxe1 Qxe1+ 30. Nf1 Qe6 31. Bd5 Qd7 32. h4 Bf6 33. Ne3 Be6 34. h5 Bxd5 35. Qxd5 Qa7 36. Kf2 Bd4 37. h6 Bxe3+ 38. Kf3 Bc5 0-1

[Event "St Petersburg-ch (Women) 82nd"]
[Site "St Petersburg"]
[Date "2014.03.26"]
[Round "6"]
[White "Korchagina, Victoria"]
[Black "Balaian, Alina"]
[Result "1/2-1/2"]
[WhiteElo "2056"]
[BlackElo "2223"]
[PlyCount "87"]
[EventDate "2014.03.21"]
[EventType "tourn"]
[EventRounds "11"]
[EventCountry "RUS"]
[SourceTitle "CBM 159 Extra"]
[Source "ChessBase"]
[SourceDate "2014.04.24"]
[SourceVersion "1"]
[SourceVersionDate "2014.04.24"]
[SourceQuality "1"]

1. Nf3 Nf6 2. g3 g6 3. Bg2 Bg7 4. c4 0-0 5. 0-0 d5 6. cxd5 Nxd5 7. Nc3 Nb6 8. d4 Nc6 9. d5 Na5 10. e4 c6 11. dxc6 Nxc6 12. Qe2 Bg4 13. Qe3 Nc4 14. Qg5 Qc8 15. Qc5 Bxf3 16. Qxc4 Nd4 17. Qxc8 Rfxc8 18. Bxf3 Nxf3+ 19. Kg2 Bxc3 20. Kxf3 Bf6 21. Rd1 Rd8 22. Bf4 b6 23. e5 Bg7 24. Rac1 Rxd1 25. Rxd1 Kf8 26. Rd7 Ke8 27. Rb7 Kd8 28. Ke4 Bf8 29. Kd5 e6+ 30. Ke4 Ke8 31. Be3 Be7 32. h4 h5 33. b3 Ba3 34. Bd4 Be7 35. a4 Ba3 36. Be3 Be7 37. f3 Bb4 38. Kd3 Be1 39. Bf4 Bf2 40. Ke4 a5 41. Kd3 Rc8 42. Ke2 Rc2+ 43. Kd3 Rc8 44. Ke2 1/2-1/2

[Event "Chigorin Memorial 21st"]
[Site "St Petersburg"]
[Date "2013.10.10"]
[Round "6"]
[White "Shuraev, Andrei"]
[Black "Korchagina, Victoria"]
[Result "1-0"]
[WhiteElo "2351"]
[BlackElo "2079"]
[PlyCount "109"]
[EventDate "2013.10.05"]
[EventType "swiss"]
[EventRounds "9"]
[EventCountry "RUS"]
[SourceTitle "CBM 156 Extra"]
[Source "ChessBase"]
[SourceDate "2013.10.22"]
[SourceVersion "1"]
[SourceVersionDate "2013.10.22"]
[SourceQuality "1"]

1. d4 Nf6 2. c4 g6 3. g3 Bg7 4. Bg2 0-0 5. Nf3 d6 6. 0-0 Nbd7 7. Nc3 e5 8. e4 a6 9. h3 c6 10. Be3 b5 11. dxe5 dxe5 12. Qc2 Qe7 13. Rfd1 Bb7 14. cxb5 axb5 15. Nd2 Ne8 16. Nb3 Nc7 17. a3 Ne6 18. Rd2 b4 19. Rad1 Nf6 20. Nb1 bxa3 21. Nxa3 Rfd8 22. Nc5 Rxd2 23. Rxd2 Nxc5 24. Bxc5 Qe6 25. Qc4 Qc8 26. Qc3 Qe6 27. Nc4 h5 28. Rd6 Qe8 29. Na5 Qc8 30. Ba3 Ne8 31. Nxb7 Nxd6 32. Nxd6 Qd7 33. Bf1 Bf8 34. Nc4 Bxa3 35. bxa3 Qe7 36. Qxe5 Qxe5 37. Nxe5 Rxa3 38. Nxc6 Ra4 39. Bd3 Kg7 40. Kf1 Ra2 41. Bc4 Rc2 42. Bd5 f6 43. Nd4 Rb2 44. Kg2 Rd2 45. Nf3 Rb2 46. h4 Rb5 47. Nd4 Rb2 48. Kf3 Rd2 49. Ke3 Rb2 50. Ne6+ Kh6 51. Nf4 Kg7 52. Nd3 Rc2 53. e5 fxe5 54. Nxe5 Kf6 55. Nxg6 1-0